[Event "IECC KO email"]
[Site "IECC email"]
[Date "2003.06.03"]
[Round "?"]
[White "Williams, Derek"]
[Black "Monteiro da Silva, Jorge Alexandrino"]
[Result "0-1"]
[WhiteElo "1735"]
[BlackElo "2093"]
[PlyCount "104"]
[EventDate "2003.??.??"]
[EventType "tourn (corr)"]
[EventRounds "6"]
[SourceTitle "Corr 2008"]
[Source "ChessBase"]
[SourceDate "2008.06.24"]
[SourceVersion "1"]
[SourceVersionDate "2008.06.24"]
[SourceQuality "1"]

1. e4 c5 2. Bc4 e6 3. Nc3 Nf6 4. Qe2 Nc6 5. Nf3 d6 6. 0-0 a6 7. Bb3 b5 8. d3 Be7 9. a4 b4 10. Nd1 0-0 11. Bd2 d5 12. Re1 Bb7 13. exd5 Nxd5 14. c3 Qd6 15. Bxd5 Qxd5 16. Ne3 Qh5 17. Nc4 Rad8 18. Nfe5 Qxe2 19. Rxe2 Nxe5 20. Nxe5 f6 21. Nc4 e5 22. Re3 g5 23. Rae1 Bd5 24. R1e2 Bf7 25. Na5 bxc3 26. Bxc3 Rd7 27. Nc6 Bd6 28. Na5 Bc7 29. Re1 Rb8 30. Rf3 Kg7 31. h4 g4 32. Rg3 h5 33. Nc4 e4 34. Rge3 exd3 35. Re7 Rbd8 36. Nd2 Bf4 37. Rxd7 Rxd7 38. Ne4 d2 39. Rd1 Bb3 40. Nxf6 Rd4 41. Bxd4 cxd4 42. Nxh5+ Kh6 43. Rxd2 Bxd2 44. Nf6 Bd1 45. Ng8+ Kg7 46. Ne7 d3 47. Nf5+ Kg6 48. Ne7+ Kf6 49. Nd5+ Ke5 50. Nb6 Bb3 51. Nd7+ Kd4 52. Nb8 Bd5 0-1

[Event "IECC KO email"]
[Site "IECC email"]
[Date "2002.10.21"]
[Round "?"]
[White "Monteiro da Silva, Jorge Alexandrino"]
[Black "Borst, John C"]
[Result "1/2-1/2"]
[WhiteElo "2085"]
[BlackElo "2137"]
[PlyCount "111"]
[EventDate "2002.??.??"]
[EventType "tourn (corr)"]
[EventRounds "6"]
[SourceTitle "Corr 2008"]
[Source "ChessBase"]
[SourceDate "2008.06.24"]
[SourceVersion "1"]
[SourceVersionDate "2008.06.24"]
[SourceQuality "1"]

1. e4 e5 2. Nf3 Nf6 3. Nxe5 d6 4. Nf3 Nxe4 5. d4 d5 6. Bd3 Be7 7. 0-0 Nc6 8. Re1 Bg4 9. c3 f5 10. Qb3 0-0 11. Nbd2 Na5 12. Qa4 Nc6 13. Bb5 Nxd2 14. Nxd2 Qd6 15. h3 Bh5 16. Nb3 Bh4 17. Nc5 f4 18. Re6 Qd8 19. Bxc6 bxc6 20. Re5 Bxf2+ 21. Kxf2 Qh4+ 22. Kg1 f3 23. Be3 f2+ 24. Kh2 f1Q 25. Rxf1 Rxf1 26. Qxc6 Raf8 27. Nd3 Bf7 28. Qxc7 Qf6 29. Re7 Bg6 30. Nc5 Re1 31. Qd7 Re2 32. Qxd5+ Bf7 33. Qe5 Qf3 34. Qg3 Qxg3+ 35. Kxg3 Rxb2 36. Re5 Re2 37. a4 Rc2 38. d5 Rxc3 39. d6 Rd8 40. d7 h6 41. Kf4 Rc2 42. g4 a6 43. h4 a5 44. h5 Rc3 45. Bf2 Rc4+ 46. Kg3 Rc2 47. Be1 Rxc5 48. Rxc5 Rxd7 49. Rxa5 Rd3+ 50. Kh4 Re3 51. Bd2 Re4 52. Ra8+ Kh7 53. Rf8 Ba2 54. Rf4 Rxf4 55. Bxf4 g6 56. a5 1/2-1/2

[Event "IECC Swiss email"]
[Site "IECC email"]
[Date "2002.08.25"]
[Round "?"]
[White "Monteiro da Silva, Jorge Alexandrino"]
[Black "Jonsson, Gudbrandur"]
[Result "1-0"]
[WhiteElo "2097"]
[BlackElo "1595"]
[PlyCount "111"]
[EventDate "2002.??.??"]
[EventType "tourn (corr)"]
[EventRounds "6"]
[SourceTitle "Corr 2008"]
[Source "ChessBase"]
[SourceDate "2008.06.24"]
[SourceVersion "1"]
[SourceVersionDate "2008.06.24"]
[SourceQuality "1"]

1. e4 e5 2. Nf3 Nc6 3. Bc4 Bc5 4. c3 Nf6 5. d3 0-0 6. b4 Be7 7. 0-0 d6 8. a4 Be6 9. Bxe6 fxe6 10. b5 Na5 11. Nbd2 a6 12. Nb3 Nxb3 13. Qxb3 Qd7 14. Bd2 axb5 15. axb5 Nh5 16. Rfe1 Bf6 17. d4 Rxa1 18. Rxa1 exd4 19. cxd4 Qf7 20. Kh1 Bd8 21. Ra8 Qg6 22. e5 d5 23. h3 Qf7 24. Qe3 g6 25. Ra7 b6 26. Qc3 Nf4 27. Ra8 Qf5 28. Rc8 g5 29. Bxf4 Qxf4 30. Qc6 Qf7 31. Ra8 Qe7 32. Kg1 Rf5 33. Nh2 Rf8 34. Ng4 Kh8 35. Nf6 Qf7 36. Qd7 Qxd7 37. Nxd7 Re8 38. Rc8 Rg8 39. g4 h6 40. Kg2 h5 41. gxh5 Kh7 42. Nb8 g4 43. Nc6 Bh4 44. Rxg8 Kxg8 45. hxg4 Kg7 46. f4 Kh6 47. Kf3 Be1 48. Nd8 Bc3 49. Nxe6 Kh7 50. g5 Kg8 51. g6 Bb2 52. h6 Kh8 53. f5 Bc1 54. h7 Ba3 55. f6 Bc1 56. Nd8 1-0